Joan Miró (Record no. 9168)

MARC details
000 -LEADER
campo de control de longitud fija 00888nam a2200253 i 4500
001 - NÚMERO DE CONTROL
campo de control 9168
003 - IDENTIFICADOR DE NÚMERO DE CONTROL
campo de control ES-MaACL
005 - FECHA Y HORA DE LA ÚLTIMA TRANSACCIÓN
campo de control 20251216165938.0
007 - CAMPO FIJO DE DESCRIPCIÓN FÍSICA--INFORMACIÓN GENERAL
campo de control de longitud fija t|
008 - DATOS DE LONGITUD FIJA--INFORMACIÓN GENERAL
campo de control de longitud fija 930521s1988 sp ||||1| cat d
080 ## - NÚMERO DE LA CLASIFICACIÓN DECIMAL UNIVERSAL
Número de la Clasificación Decimal Universal 061.43(467.33)"1988":7 Miró
080 ## - NÚMERO DE LA CLASIFICACIÓN DECIMAL UNIVERSAL
Número de la Clasificación Decimal Universal 7 Miró, Joan
080 ## - NÚMERO DE LA CLASIFICACIÓN DECIMAL UNIVERSAL
Número de la Clasificación Decimal Universal 75(46)"1893/1983"Miró, Joan
245 00 - MENCIÓN DEL TÍTULO
Título Joan Miró
Resto del título : pintura, gravat, litografía : Caixa d'Estalvis Provincial d'Alacant, març 1988.
260 ## - PUBLICACIÓN, DISTRIBUCIÓN, ETC.
Lugar de publicación, distribución, etc. Alacant :
Nombre del editor, distribuidor, etc. Fons Editorial de la Caixa d'Estalvis Provincial d'Alacant,
Fecha de publicación, distribución, etc. 1988.
300 ## - DESCRIPCIÓN FÍSICA
Extensión 35 p. :
Otras características físicas principalmente il. ;
Dimensiones 25 cm.
600 04 - PUNTO DE ACCESO ADICIONAL DE MATERIA--NOMBRE DE PERSONA
Nombre de persona Miró, Joan,
Fechas asociadas al nombre 1893-1983-
Subdivisión de forma Exposiciones
9 (RLIN) 81605
655 #7 - TERMINO DE INDIZACIÓN--GENERO/FORMA
Fuente del término tgfbne
9 (RLIN) 193628
Datos o término principal de género/forma Catálogos de exposiciones
700 1# - ENTRADA AGREGADA--NOMBRE PERSONAL
Nombre de persona Miró, Joan.
9 (RLIN) 81604
710 2# - ENTRADA AGREGADA--NOMBRE DE ENTIDAD CORPORATIVA
Nombre de entidad corporativa o nombre de jurisdicción como elemento de entrada Caja de Ahorros Provincial de Alicante.
9 (RLIN) 2280
852 ## - LOCALIZACIÓN
Ubicación ES-MaACL
Número de control de estantería L-16635
Sublocalización o colección R.115038
942 ## - ELEMENTOS DE ENTRADA SECUNDARIOS (KOHA)
Fuente del sistema de clasificación o colocación Clasificación decimal universal
Holdings
Estatus retirado Estado de pérdida Estado de daño No para préstamo Biblioteca de origen Biblioteca actual Ubicación en estantería Fecha de adquisición Fuente de adquisición Total de préstamos Signatura topográfica completa Código de barras Visto por última vez Precio de reemplazo Tipo de ítem Koha
        Biblioteca del Ateneo de Madrid Biblioteca del Ateneo de Madrid Depósito 2 17/01/2008     L-16635 1009357 23/02/2023 23/02/2023 Libro impreso